|
|
|
|
| LEADER |
00000nam0a2200000 4500 |
| 001 |
263058 |
| 005 |
20231101233716.0 |
| 035 |
|
|
|a (RuTPU)RU\TPU\book\286043
|
| 090 |
|
|
|a 263058
|
| 100 |
|
|
|a 20140605d1988 m y0rusy50 ca
|
| 101 |
0 |
|
|a rus
|
| 102 |
|
|
|a RU
|
| 105 |
|
|
|a a j 001zy
|
| 200 |
1 |
|
|a Основы металлургического производства (черная металлургия)
|e учебник для среднего профессионально-технического образования
|f В. К. Бабич [и др.]
|
| 210 |
|
|
|a Москва
|c Металлургия
|d 1988
|
| 215 |
|
|
|a 272 с.
|c ил.
|
| 320 |
|
|
|a Библиогр.: с. 269.
|
| 320 |
|
|
|a Предметный указатель: с. 270-272.
|
| 606 |
1 |
|
|a Металлургические процессы (Черные металлы)
|2 stltpush
|3 (RuTPU)RU\TPU\subj\42940
|9 62547
|
| 610 |
1 |
|
|a чугун
|
| 610 |
1 |
|
|a производство
|
| 610 |
1 |
|
|a железо
|
| 610 |
1 |
|
|a прямое получение
|
| 610 |
1 |
|
|a сталь
|
| 610 |
1 |
|
|a ферросплавы
|
| 610 |
1 |
|
|a литейное производство
|
| 610 |
1 |
|
|a металлы
|
| 610 |
1 |
|
|a обработка давлением
|
| 610 |
1 |
|
|a металловедение
|
| 610 |
1 |
|
|a термическая обработка
|
| 610 |
1 |
|
|a порошковая металлургия
|
| 610 |
1 |
|
|a безопасность
|
| 610 |
1 |
|
|a окружающая среда
|
| 610 |
1 |
|
|a охрана
|
| 610 |
1 |
|
|a учебники
|
| 675 |
|
|
|a 669.1(075.32)
|v 3
|
| 701 |
|
1 |
|a Бабич
|b В. К.
|g Владислав Константинович
|
| 701 |
|
1 |
|a Лукашкин
|b Н. Д.
|g Николай Дмитриевич
|
| 701 |
|
1 |
|a Морозов
|b А. С.
|g Анатолий Сергеевич
|
| 701 |
|
1 |
|a Поляк
|b И. Б.
|g Исаак Беркович
|
| 701 |
|
1 |
|a Соболевский
|b А. Л.
|g Александр Львович
|
| 801 |
|
1 |
|a RU
|b 63413507
|c 20140605
|
| 801 |
|
2 |
|a RU
|b 63413507
|c 20150402
|g RCR
|
| 942 |
|
|
|c BK
|